CHAMPIONS LEAGUE SQUADS 2025/26 PT 1 - Statistics

General Stats
  • This quiz has been taken 33 times
  • The average score is 35 of 120
Answer Stats
TEAM / POSTION / NUMBER Name % Correct
Bayern Munich / GK / 1 Manuel Neuer
96%
Bayern Munich / DF / 19 Alphonso Davies
70%
Bayern Munich / MF / 6 Joshua Kimmich
70%
Bayern Munich / DF / 2 Dayot Upamecano
67%
Arsenal / MF / 41 Declan Rice
56%
Bayern Munich / MF / 10 Jamal Musiala
56%
Bayern Munich / MF / 8 Leon Goretzka
56%
Arsenal / FW / 7 Bukayo Saka
52%
Bayern Munich / FW / 9 Harry Kane
52%
Real Madrid / GK / 1 Thibaut Courtois
52%
Real Madrid / MF / 14 Aurelien Tchouameni
48%
Bayern Munich / DF / 4 Jonathan Tah
48%
Real Madrid / FW / 10 Kylian Mbappe
48%
Bayern Munich / FW / 14 Luis Diaz
48%
Bayern Munich / FW / 17 Michael Olise
48%
Real Madrid / FW / 11 Rodrygo
48%
Bayern Munich / FW / 7 Serge Gnabry
48%
Real Madrid / FW / 7 Vinicius Junior
48%
Real Madrid / GK / 13 Andriy Lunin
44%
Real Madrid / DF / 22 Antonio Rudiger
44%
Arsenal / DF / 4 Ben White
44%
Arsenal / GK / 1 David Raya
44%
Real Madrid / MF / 6 Eduardo Camavinga
44%
Real Madrid / MF / 8 Federico Valverde
44%
Arsenal / DF / 6 Gabriel
44%
Arsenal / FW / 11 Gabriel Martinelli
44%
Arsenal / MF / 8 Martin Odegaard
44%
Paris Saint-Germain / FW / 10 Ousmane Dembele
44%
Arsenal / FW / 14 Viktor Gyokeres
44%
Arsenal / DF / 2 William Saliba
44%
Real Madrid / MF / 5 Jude Bellingham
41%
Paris Saint-Germain / DF / 5 Marquinhos
41%
Arsenal / MF / 36 Martin Zubimendi
41%
Arsenal / MF / 23 Mikel Merino
41%
Arsenal / DF / 33 Riccardo Calafiori
41%
Paris Saint-Germain / DF / 2 Achraf Hakimi
37%
Paris Saint-Germain / FW / 29 Bradley Barcola
37%
Real Madrid / DF / 2 Dani Carvajal
37%
Real Madrid / DF / 4 David Alaba
37%
Arsenal / FW / 10 Eberechi Eze
37%
Arsenal / FW / 9 Gabriel Jesus
37%
Bayern Munich / DF / 3 Minjae Kim
37%
Paris Saint-Germain / MF / 17 Vitinha
37%
Paris Saint-Germain / FW / 14 Desire Doue
33%
Real Madrid / DF / 3 Eder Militao
33%
Real Madrid / FW / 9 Endrick
33%
Paris Saint-Germain / MF / 8 Fabian Ruiz
33%
Arsenal / DF / 12 Jurrien Timber
33%
Arsenal / GK / 13 Kepa Arrizabalaga
33%
Inter Milan / ST / 10 Lautaro Martinez
33%
Arsenal / DF / 49 Myles Lewis-Skelly
33%
Paris Saint-Germain / DF / 25 Nuno Mendes
33%
Inter Milan / GK / 1 Yann Sommer
33%
Inter Milan / DF / 95 Alessandro Bastoni
30%
Real Madrid / MF / 15 Arda Guler
30%
Real Madrid / DF / 24 Dean Huijsen
30%
Inter Milan / DF / 2 Denzel Dumfries
30%
Real Madrid / FW / 30 Franco Mastantuono
30%
Real Madrid / DF / 20 Fran Garcia
30%
Paris Saint-Germain / FW / 9 Goncalo Ramos
30%
Paris Saint-Germain / MF / 87 Joao Neves
30%
Bayern Munich / MF / 27 Konrad Laimer
30%
Bayern Munich / MF / 42 Lennart Karl
30%
Bayern Munich / FW / 11 Nicolas Jackson
30%
Real Madrid / DF / 17 Raul Asencio
30%
Bayern Munich / GK / 26 Sven Ulreich
30%
Real Madrid / DF / 12 Trent Alexander-Arnold
30%
Real Madrid / FW / 21 Brahim Diaz
26%
Real Madrid / DF / 23 Ferland Mendy
26%
Real Madrid / FW / 16 Gonzalo Garcia
26%
Paris Saint-Germain / GK / 30 Lucas Chevalier
26%
Inter Milan / ST / 9 Marcus Thuram
26%
Inter Milan / MF / 23 Nicolo Barella
26%
Inter Milan / DF / 6 Stefan De Vrij
26%
Paris Saint-Germain / MF / 33 Warren Zaire-Emery
26%
Paris Saint-Germain / DF / 51 Willian Pacho
26%
Bayern Munich / MF / 45 Aleksandar Pavlovic
22%
Arsenal / MF / 22 Ethan Nwaneri
22%
Inter Milan / DF / 32 Federico Dimarco
22%
Inter Milan / MF / 22 Henrikh Mkhitaryan
22%
Paris Saint-Germain / DF / 21 Lucas Hernandez
22%
Arsenal / FW / 20 Noni Madueke
22%
Bayern Munich / DF / 22 Raphael Guerreiro
22%
Arsenal / DF / 3 Christhian Mosquera
19%
Arsenal / MF / 16 Christian Norgaard
19%
Real Madrid / MF / 19 Dani Ceballos
19%
Bayern Munich / DF / 21 Hiroki Ito
19%
Bayern Munich / GK / 40 Jonas Urbig
19%
Paris Saint-Germain / FW / 7 Kvicha Kvaratskhelia
19%
Inter Milan / DF / 36 Matteo Darmian
19%
Bayern Munich / DF / 23 Sacha Boey
19%
Inter Milan / MF / 16 Davide Frattesi
15%
Inter Milan / DF / 15 Francesco Acerbi
15%
Bayern Munich / DF / 44 Josip Stanisic
15%
Inter Milan / MF / 7 Piotr Zielinski
15%
Paris Saint-Germain / MF / 24 Senny Mayulu
15%
Bayern Munich / MF / 20 Tom Bischof
15%
Real Madrid / DF / 18 Alvaro Carreras
11%
Inter Milan / ST / 14 Ange-Yoan Bonny
11%
Paris Saint-Germain / FW / 49 Ibrahim Mbaye
11%
Inter Milan / DF / 25 Manuel Akanji
11%
Inter Milan / DF / 30 Carlos Augusto
7%
Paris Saint-Germain / DF / 4 Lucas Beraldo
7%
Paris Saint-Germain / GK / 39 Matvey Safonov
7%
Inter Milan / DF / 31 Yann-Aurel Bisseck
7%
Paris Saint-Germain / DF / 6 Illia Zabarnyi
4%
Inter Milan / GK / 13 Josep Martinez
4%
Paris Saint-Germain / MF / 19 Kang-In Lee
4%
Arsenal / FW / 19 Leonard Trossard
4%
Bayern Munich / GK / 48 Leon Klanac
4%
Arsenal / DF / 5 Peiro Hincapie
4%
Inter Milan / MF / 8 Petar Sucic
4%
Inter Milan / GK / 12 Raffaele Di Gennaro
4%
Inter Milan / MF / 17 Andy Diouf
0%
Inter Milan / MF / 20 Hakan Calhanolglu
0%
Inter Milan / MF / 11 Luis Henrique
0%
Paris Saint-Germain / DF / 43 Noham Kamara
0%
Inter Milan / ST / 94 Pio Esposito
0%
Paris Saint-Germain / GK / 89 Renato Marin
0%
Inter Milan / DF / 42 Tiago Palacios
0%
No matching quizzes found
Score Distribution
Percent of People with Each Score
Percentile by Number Answered
Your Score History
You have not taken this quiz